[Event "5MCR_4D_1L_3S"]
[Site "?"]
[Date "2002.??.??"]
[Round "?"]
[White "Travnik, Petr"]
[Black "Vrkoc, David"]
[Result "1/2-1/2"]
[WhiteElo "2305"]
[BlackElo "2355"]
[PlyCount "38"]
[EventDate "2002.??.??"]
[EventType "corr"]
[SourceDate "2004.??.??"]

1. d4 Nf6 2. c4 c5 3. d5 e6 4. Nc3 exd5 5. cxd5 d6 6. e4 g6 7. f4 Bg7 8. Bb5+
Nfd7 9. Nf3 a6 10. Bd3 b5 11. O-O O-O 12. Kh1 Re8 13. f5 Nf6 14. fxg6 hxg6 15.
Bg5 Nbd7 16. Qe1 c4 17. Bc2 b4 18. Ne2 Qb6 19. Qh4 Nh7 1/2-1/2

[Event "5MCR_4D_1L_3S"]
[Site "?"]
[Date "2002.??.??"]
[Round "?"]
[White "Vrkoc, David"]
[Black "Grulich, Jiri"]
[Result "1-0"]
[WhiteElo "2355"]
[BlackElo "2165"]
[PlyCount "53"]
[EventDate "2002.??.??"]
[EventType "corr"]
[SourceDate "2004.??.??"]

1. e4 e6 2. d4 d5 3. Nc3 Nf6 4. Bg5 Be7 5. e5 Nfd7 6. Bxe7 Qxe7 7. f4 a6 8. Nf3
c5 9. dxc5 Nc6 10. Qd2 Nxc5 11. Bd3 O-O 12. O-O b5 13. Ne2 Bb7 14. Ned4 Nxd4
15. Nxd4 Rac8 16. c3 Nxd3 17. Qxd3 b4 18. f5 exf5 19. Nxf5 Qc5+ 20. Kh1 bxc3
21. Qg3 g6 22. Qg5 cxb2 23. Rae1 Rc7 24. Nh6+ Kg7 25. Ng4 Kg8 26. Nf6+ Kg7 27.
e6 1-0

[Event "5MCR_4D_1L_3S"]
[Site "?"]
[Date "2002.??.??"]
[Round "?"]
[White "Vrkoc, David"]
[Black "Hladecek, Miloslav"]
[Result "1/2-1/2"]
[WhiteElo "2355"]
[BlackElo "2215"]
[PlyCount "117"]
[EventDate "2002.??.??"]
[EventType "corr"]
[SourceDate "2004.??.??"]

1. c4 e5 2. g3 Nf6 3. Nc3 Bb4 4. Bg2 O-O 5. e4 Bxc3 6. bxc3 c6 7. d4 d6 8. Ne2
b6 9. O-O Ba6 10. Qb3 Re8 11. Re1 Nbd7 12. Ba3 Qc7 13. f4 c5 14. fxe5 dxe5 15.
d5 Red8 16. Qa4 Nb8 17. Nc1 Qd7 18. Qxd7 Nbxd7 19. Bf1 Ne8 20. Nb3 Nd6 21. Nd2
Rab8 22. Bd3 Re8 23. Re3 Bc8 24. Rf1 Nf6 25. Kg2 h6 26. Ree1 Nh7 27. h3 h5 28.
Bc1 Ng5 29. Rh1 f6 30. h4 Ngf7 31. Rhf1 Nh6 32. Nb1 Ng4 33. Na3 Rb7 34. Nb5 Nf7
35. Na3 Rd8 36. Re2 Kf8 37. Rb2 Ke7 38. Bd2 Bd7 39. Nc2 Nd6 40. Rfb1 Rf8 41.
Ne3 Nxe3+ 42. Bxe3 Rc7 43. Rb3 Bc8 44. Ra3 Kf7 45. Kf1 f5 46. exf5 Bxf5 47.
Bxf5 Nxf5 48. Bf2 Ke7 49. Re1 Kd6 50. Ra6 Rcf7 51. Kg1 Nh6 52. Be3 Rf3 53. Bf4
Ng4 54. Rxa7 Rf6 55. Bg5 Rxg3+ 56. Kh1 Rxc3 57. Bxf6 gxf6 58. Rh7 Rxc4 59. Rxh5
1/2-1/2

[Event "5MCR_4D_1L_3S"]
[Site "?"]
[Date "2002.??.??"]
[Round "?"]
[White "Vrkoc, David"]
[Black "Krouzel, Jaroslav"]
[Result "1-0"]
[WhiteElo "2355"]
[BlackElo "2360"]
[PlyCount "57"]
[EventDate "2002.??.??"]
[EventType "corr"]
[SourceDate "2004.??.??"]

1. e4 e6 2. d4 d5 3. Nc3 Bb4 4. e5 c5 5. a3 Bxc3+ 6. bxc3 Ne7 7. a4 Nbc6 8. Nf3
Qa5 9. Bd2 Bd7 10. Be2 f6 11. c4 Qc7 12. exf6 gxf6 13. cxd5 Nxd5 14. dxc5 O-O-O
15. a5 a6 16. O-O e5 17. c3 Rhg8 18. Nh4 e4 19. Qb3 Be6 20. Rfb1 Rd7 21. Bc4
Qe5 22. g3 Qh5 23. Kh1 Rgd8 24. Re1 Bg4 25. Kg1 f5 26. Bxd5 Rxd5 27. Bf4 R8d7
28. Bd6 f4 29. Rxe4 1-0

[Event "5MCR_4D_1L_3S"]
[Site "?"]
[Date "2002.??.??"]
[Round "?"]
[White "Vrkoc, David"]
[Black "Leiner, Raimund"]
[Result "1/2-1/2"]
[WhiteElo "2355"]
[BlackElo "2290"]
[PlyCount "80"]
[EventDate "2002.??.??"]
[EventType "corr"]
[SourceDate "2004.??.??"]

1. c4 e5 2. Nc3 Nf6 3. g3 Bb4 4. Bg2 O-O 5. e4 d6 6. Nge2 Nc6 7. O-O Bg4 8. h3
Bxe2 9. Nxe2 Bc5 10. Kh2 Re8 11. d3 Nd4 12. f4 Nxe2 13. Qxe2 Bd4 14. f5 h6 15.
h4 Nh7 16. Kh3 c6 17. g4 f6 18. a4 a5 19. Qc2 Qb6 20. Bf3 Be3 21. Bxe3 Qxe3 22.
Rae1 Qb6 23. Re2 c5 24. Rg2 Re7 25. Qd1 Rd7 26. Qd2 Rf8 27. Rh1 Kf7 28. g5 hxg5
29. hxg5 Ke7 30. gxf6+ gxf6 31. Qh6 Kd8 32. Rhg1 Rh8 33. Kh2 Kc7 34. Bh5 Rhd8
35. Rg7 Nf8 36. Qxf6 Qxb2+ 37. R1g2 Qc3 38. Bf7 Ne6 39. Bxe6 Rh8+ 40. Kg3 Qxd3+
1/2-1/2

[Event "5MCR_4D_1L_3S"]
[Site "?"]
[Date "2002.??.??"]
[Round "?"]
[White "Vrkoc, David"]
[Black "Polak, Petr"]
[Result "0-1"]
[WhiteElo "2355"]
[BlackElo "2050"]
[PlyCount "64"]
[EventDate "2002.??.??"]
[EventType "corr"]
[SourceDate "2004.??.??"]

1. c4 Nf6 2. g3 e5 3. Nc3 Bb4 4. Bg2 O-O 5. e4 Bxc3 6. bxc3 c6 7. d4 d6 8. Ne2
Re8 9. Qc2 b6 10. O-O Ba6 11. Rd1 Qe7 12. Ba3 c5 13. dxe5 dxe5 14. Nd4 Bc8 15.
Nf5 Bxf5 16. exf5 e4 17. Bc1 Qb7 18. Bg5 Nbd7 19. Rd6 Re5 20. Rad1 Rae8 21. Bh4
R5e7 22. h3 Qc7 23. g4 h6 24. Qd2 Kh7 25. a4 Qc8 26. Kh1 Qa6 27. Qa2 Qb7 28. a5
bxa5 29. Qxa5 Qb3 30. Qxa7 e3 31. fxe3 Rxe3 32. Qxd7 Nxd7 0-1

[Event "5MCR_4D_1L_3S"]
[Site "?"]
[Date "2002.??.??"]
[Round "?"]
[White "Vrkoc, David"]
[Black "Zacek, Jiri"]
[Result "1-0"]
[WhiteElo "2355"]
[BlackElo "2280"]
[PlyCount "93"]
[EventDate "2002.??.??"]
[EventType "corr"]
[SourceDate "2004.??.??"]

1. c4 Nf6 2. g3 e6 3. Bg2 d5 4. cxd5 exd5 5. d4 c6 6. Nf3 Be7 7. Nc3 O-O 8. O-O
Nbd7 9. Bf4 Re8 10. Qc2 Nf8 11. Rad1 Ng6 12. Bc1 Bg4 13. Ne5 Nxe5 14. dxe5 Nd7
15. h3 Bh5 16. Nxd5 cxd5 17. Rxd5 Bg6 18. e4 Rc8 19. Qd2 Rc7 20. Rd1 Qb8 21.
Rxd7 Rxd7 22. Qxd7 Rd8 23. Qa4 b5 24. Rxd8+ Bxd8 25. Qd1 Bb6 26. Qd7 h6 27. Bf4
Qc7 28. Qxc7 Bxc7 29. f3 Bb6+ 30. Kf1 Bd4 31. b3 Kf8 32. Ke2 Ke7 33. Be3 Bxe5
34. f4 Bb8 35. Bc5+ Ke8 36. e5 Bf5 37. Bc6+ Bd7 38. Bxd7+ Kxd7 39. Bf8 g6 40.
Bxh6 Ke6 41. Bg5 Bc7 42. Ke3 Bb6+ 43. Ke4 a6 44. Bf6 Kd7 45. g4 Bc5 46. h4 Bf8
47. Kd5 1-0

[Event "5MCR_4D_1L_3S"]
[Site "?"]
[Date "2002.??.??"]
[Round "?"]
[White "Vrkoc, David"]
[Black "Zidu, Jan"]
[Result "0-1"]
[WhiteElo "2355"]
[BlackElo "2310"]
[PlyCount "52"]
[EventDate "2002.??.??"]
[EventType "corr"]
[SourceDate "2004.??.??"]

1. c4 c6 2. e4 d5 3. exd5 cxd5 4. cxd5 Nf6 5. Qa4+ Nbd7 6. Nc3 g6 7. g4 h6 8.
Bg2 Bg7 9. h3 O-O 10. Nge2 e6 11. dxe6 Nc5 12. exf7+ Rxf7 13. Qc4 Nd3+ 14. Kf1
b5 15. Qxb5 Bb7 16. Bxb7 Rb8 17. Qc6 Rbxb7 18. f4 Nh7 19. Rg1 Nxf4 20. Nxf4
Rxf4+ 21. Ke2 Re7+ 22. Kd1 Bxc3 23. bxc3 Qd3 24. a4 a6 25. Qa8+ Nf8 26. Qg2 Re3
0-1

[Event "5MCR_4D_1L_3S"]
[Site "?"]
[Date "2002.??.??"]
[Round "?"]
[White "Zacek, Jiri"]
[Black "Grulich, Jiri"]
[Result "1/2-1/2"]
[WhiteElo "2280"]
[BlackElo "2165"]
[PlyCount "90"]
[EventDate "2002.??.??"]
[EventType "corr"]
[SourceDate "2004.??.??"]

1. d4 d5 2. c4 e6 3. Nc3 Nf6 4. Bg5 Be7 5. e3 O-O 6. Nf3 Nbd7 7. Rc1 c6 8. Bd3
dxc4 9. Bxc4 Nd5 10. Bxe7 Qxe7 11. Ne4 Qb4+ 12. Qd2 Qxd2+ 13. Kxd2 N5f6 14.
Nxf6+ Nxf6 15. Rhd1 Rd8 16. Ke2 Kf8 17. Bd3 h6 18. a3 Ke7 19. h3 Nd5 20. b3 f6
21. h4 Bd7 22. g3 Be8 23. e4 Nb6 24. g4 Rd6 25. h5 Bf7 26. b4 Rad8 27. b5 Be8
28. bxc6 Rxc6 29. Rxc6 Bxc6 30. Rc1 Rc8 31. Ke3 Bd7 32. Rxc8 Bxc8 33. Nh4 Bd7
34. f4 Be8 35. Kd2 Nc8 36. Kc3 Nd6 37. e5 Nb5+ 38. Bxb5 Bxb5 39. Kd2 Bf1 40.
Ke3 Bc4 41. f5 b5 42. Ng6+ Kf7 43. Nf4 a5 44. Ke4 fxe5 45. dxe5 b4 1/2-1/2

[Event "5MCR_4D_1L_3S"]
[Site "?"]
[Date "2002.??.??"]
[Round "?"]
[White "Zacek, Jiri"]
[Black "Hladecek, Miloslav"]
[Result "0-1"]
[WhiteElo "2280"]
[BlackElo "2215"]
[PlyCount "80"]
[EventDate "2002.??.??"]
[EventType "corr"]
[SourceDate "2004.??.??"]

1. d4 Nf6 2. c4 e6 3. Nc3 Bb4 4. e3 O-O 5. Nge2 d5 6. a3 Be7 7. cxd5 exd5 8. g3
c6 9. Bg2 a5 10. O-O Re8 11. h3 b5 12. b3 Bd6 13. Qc2 Ba6 14. Bb2 b4 15. axb4
axb4 16. Nb1 Nbd7 17. Rd1 Bb5 18. Nf4 Rxa1 19. Bxa1 Ne4 20. Nd2 Nxf2 21. Kxf2
Bxf4 22. gxf4 Qh4+ 23. Kg1 Rxe3 24. Qf5 Re2 25. Kh1 Re1+ 26. Rxe1 Qxe1+ 27. Kh2
Nf8 28. Nf3 Qxa1 29. Ng5 Qa7 30. Qe5 h6 31. Nf3 Qa2 32. Qe3 Bf1 33. Nd2 Bxg2
34. Kxg2 Qc2 35. Kg3 Ne6 36. Nf3 g6 37. h4 Ng7 38. Kh3 Qc3 39. Qxc3 bxc3 40.
Ne1 Ne6 0-1

[Event "5MCR_4D_1L_3S"]
[Site "?"]
[Date "2002.??.??"]
[Round "?"]
[White "Zacek, Jiri"]
[Black "Krouzel, Jaroslav"]
[Result "1/2-1/2"]
[WhiteElo "2280"]
[BlackElo "2360"]
[PlyCount "78"]
[EventDate "2002.??.??"]
[EventType "corr"]
[SourceDate "2004.??.??"]

1. d4 f5 2. g3 Nf6 3. Bg2 g6 4. Nf3 Bg7 5. O-O O-O 6. c4 d6 7. Nc3 Qe8 8. d5
Na6 9. Rb1 c5 10. dxc6 bxc6 11. b4 Rb8 12. a3 Nc7 13. a4 Bd7 14. b5 Ne6 15. Be3
c5 16. Nd5 Nxd5 17. cxd5 Nc7 18. Qd3 Qf7 19. Rfd1 Rfd8 20. Ng5 Qf6 21. Nf3 Qf7
22. Bc1 h6 23. Bb2 Bxb2 24. Rxb2 e6 25. dxe6 Bxe6 26. Qd2 Qg7 27. Rc1 Kh7 28.
Rbb1 Qf7 29. e3 Bd5 30. Rb2 Be4 31. Qd1 Qe7 32. Nd2 Bxg2 33. Kxg2 Nd5 34. Nb1
Nb4 35. Rd2 d5 36. Nc3 Rbc8 37. Kg1 Qe5 38. Na2 Nxa2 39. Rxa2 Qe4 1/2-1/2

[Event "5MCR_4D_1L_3S"]
[Site "?"]
[Date "2002.??.??"]
[Round "?"]
[White "Zacek, Jiri"]
[Black "Omelka, Roman"]
[Result "0-1"]
[WhiteElo "2280"]
[BlackElo "2335"]
[PlyCount "101"]
[EventDate "2002.??.??"]
[EventType "corr"]
[SourceDate "2004.??.??"]

1. d4 Nf6 2. c4 g6 3. Nc3 Bg7 4. e4 d6 5. f3 O-O 6. Be3 c5 7. dxc5 dxc5 8. Qxd8
Rxd8 9. Bxc5 Nc6 10. Nge2 b6 11. Ba3 e6 12. Rd1 Bb7 13. b3 a5 14. Rxd8+ Rxd8
15. Na4 Nb4 16. Bxb4 axb4 17. Nxb6 Bh6 18. e5 Nh5 19. Na4 Be3 20. Nb2 Ra8 21.
Kd1 Rxa2 22. Kc2 Nf4 23. Nc1 Ra1 24. Nbd3 g5 25. h3 Bc6 26. Kb2 Bd4+ 27. Kc2
Nxd3 28. Bxd3 Bxe5 29. Be4 Be8 30. Rd1 f5 31. Nd3 Ra2+ 32. Kb1 Rxg2 33. Nxe5
fxe4 34. fxe4 Kg7 35. Kc1 Kf6 36. Nd3 Rg3 37. e5+ Kf5 38. Kd2 Bh5 39. Rf1+ Ke4
40. Re1+ Kd4 41. Nxb4 Rg2+ 42. Kc1 Kc3 43. Nc6 Be2 44. Na7 Bd3 45. Rd1 Rc2+ 46.
Kb1 Rb2+ 47. Ka1 Rxb3 48. Nb5+ Kxc4 49. Nd6+ Kb4 50. Rg1 Ka3 51. Rc1 0-1

[Event "5MCR_4D_1L_3S"]
[Site "?"]
[Date "2002.??.??"]
[Round "?"]
[White "Zacek, Jiri"]
[Black "Polak, Petr"]
[Result "1/2-1/2"]
[WhiteElo "2280"]
[BlackElo "2050"]
[PlyCount "81"]
[EventDate "2002.??.??"]
[EventType "corr"]
[SourceDate "2004.??.??"]

1. d4 Nf6 2. c4 e6 3. Nc3 Bb4 4. e3 O-O 5. Nge2 d5 6. a3 Be7 7. cxd5 exd5 8.
Nf4 c6 9. Bd3 Bd6 10. O-O Re8 11. f3 Qb6 12. Bc2 Qc7 13. g3 Bxf4 14. gxf4 Bh3
15. Re1 Nbd7 16. e4 Qd8 17. Be3 Nb6 18. b3 dxe4 19. fxe4 Ng4 20. Qf3 Qh4 21.
Qg3 Qxg3+ 22. hxg3 Rad8 23. Rad1 f5 24. e5 Nxe3 25. Rxe3 Bg4 26. Rdd3 Kf8 27.
Kf2 Rd7 28. Re1 Ke7 29. Rh1 h5 30. Ke3 Rc8 31. Rh2 Nd5+ 32. Kd2 Nb6 33. Bb1
Rcd8 34. Ke3 Rc8 35. Rdd2 Ke6 36. Ba2 Nd5+ 37. Kd3 Nxc3 38. Kxc3 Ke7 39. b4 Bf3
40. Rdf2 Bg4 41. Rf1 1/2-1/2

[Event "5MCR_4D_1L_3S"]
[Site "?"]
[Date "2002.??.??"]
[Round "?"]
[White "Zacek, Jiri"]
[Black "Sykora, Josef"]
[Result "0-1"]
[WhiteElo "2280"]
[BlackElo "2355"]
[PlyCount "114"]
[EventDate "2002.??.??"]
[EventType "corr"]
[SourceDate "2004.??.??"]

1. d4 Nf6 2. c4 e6 3. Nc3 d5 4. Bg5 Be7 5. e3 O-O 6. Nf3 h6 7. Bh4 b6 8. cxd5
Nxd5 9. Bxe7 Qxe7 10. Nxd5 exd5 11. Bd3 Be6 12. Rc1 c5 13. dxc5 bxc5 14. O-O
Nd7 15. e4 d4 16. Nd2 Ne5 17. Qc2 Rfc8 18. b3 a5 19. Be2 Qd6 20. Bc4 Bxc4 21.
Nxc4 Nxc4 22. Qxc4 a4 23. Rfd1 Qe5 24. f3 axb3 25. axb3 Qg5 26. Qd5 Qe3+ 27.
Kh1 Qe2 28. e5 Ra2 29. Rg1 Qe3 30. Rxc5 Rc2 31. Rxc8+ Rxc8 32. h3 d3 33. Qd7
Rc1 34. Rxc1 Qxc1+ 35. Kh2 Qc3 36. e6 fxe6 37. Qxe6+ Kf8 38. Qd6+ Ke8 39. Qe6+
Kd8 40. Qd6+ Kc8 41. Qe6+ Kb7 42. Qd5+ Kc7 43. Qf7+ Kb6 44. Qe6+ Ka5 45. Qd7 d2
46. Qa7+ Kb4 47. Qa4+ Kc5 48. Qa7+ Kd6 49. Qa6+ Ke7 50. Qb7+ Ke6 51. Qa6+ Kf5
52. g4+ Kf4 53. Qd6+ Ke3 54. Kg2 Qd4 55. Qe6+ Kd3 56. Qa6+ Kc2 57. Qe2 Kc1 0-1

[Event "5MCR_4D_1L_3S"]
[Site "?"]
[Date "2002.??.??"]
[Round "?"]
[White "Zacek, Jiri"]
[Black "Travnik, Petr"]
[Result "1/2-1/2"]
[WhiteElo "2280"]
[BlackElo "2305"]
[PlyCount "64"]
[EventDate "2002.??.??"]
[EventType "corr"]
[SourceDate "2004.??.??"]

1. d4 Nf6 2. c4 g6 3. Nc3 Bg7 4. e4 d6 5. f3 O-O 6. Be3 Nbd7 7. Qd2 c5 8. Nge2
e6 9. Rd1 Qa5 10. Nc1 a6 11. Be2 cxd4 12. Bxd4 Qc7 13. Nb3 b6 14. Bxf6 Bxf6 15.
Qxd6 Qxd6 16. Rxd6 Be5 17. Rd3 Nc5 18. Nxc5 bxc5 19. Na4 Rb8 20. b3 Bd4 21. Kd2
e5 22. Nc3 f5 23. Rf1 Kg7 24. Kc2 Be6 25. Rdd1 h6 26. Bd3 f4 27. Nd5 Rb7 28.
Rd2 g5 29. Rb1 h5 30. a3 Rfb8 31. b4 cxb4 32. axb4 Bxd5 1/2-1/2

[Event "5MCR_4D_1L_3S"]
[Site "?"]
[Date "2002.??.??"]
[Round "?"]
[White "Zidu, Jan"]
[Black "Grulich, Jiri"]
[Result "1-0"]
[WhiteElo "2310"]
[BlackElo "2165"]
[PlyCount "51"]
[EventDate "2002.??.??"]
[EventType "corr"]
[SourceDate "2004.??.??"]

1. e4 e6 2. d4 d5 3. Nc3 Nf6 4. e5 Nfd7 5. f4 c5 6. Nf3 Nc6 7. Be3 cxd4 8. Nxd4
Bc5 9. Qd2 O-O 10. O-O-O a6 11. Nb3 Bxe3 12. Qxe3 b5 13. Bd3 b4 14. Na4 Qc7 15.
g4 Bb7 16. Qh3 g6 17. Qh6 Nd8 18. Rhe1 Re8 19. Re3 Rc8 20. Rh3 Nf8 21. Nac5 Qe7
22. Nxb7 Qxb7 23. Nd4 Qc7 24. Rf1 b3 25. axb3 Qa5 26. c3 1-0

[Event "5MCR_4D_1L_3S"]
[Site "?"]
[Date "2002.??.??"]
[Round "?"]
[White "Zidu, Jan"]
[Black "Hladecek, Miloslav"]
[Result "1/2-1/2"]
[WhiteElo "2310"]
[BlackElo "2215"]
[PlyCount "120"]
[EventDate "2002.??.??"]
[EventType "corr"]
[SourceDate "2004.??.??"]

1. e4 c5 2. Nf3 d6 3. d4 cxd4 4. Nxd4 Nf6 5. Nc3 a6 6. Bg5 e6 7. f4 Qb6 8. Nb3
Be7 9. Be2 Nbd7 10. Qd3 Qc7 11. Bf3 h6 12. Bxf6 Bxf6 13. O-O-O Bxc3 14. bxc3 g5
15. g3 gxf4 16. gxf4 e5 17. Qxd6 Qxd6 18. Rxd6 exf4 19. Rd5 Nb6 20. Rd4 Nd7 21.
e5 Nxe5 22. Re1 f6 23. Rxf4 Ke7 24. Na5 Rf8 25. Nc4 Be6 26. Bxb7 Ra7 27. Na5
Rb8 28. Nc6+ Nxc6 29. Bxc6 Kf7 30. c4 Re7 31. Bd5 Bxd5 32. Rxe7+ Kxe7 33. cxd5
Rf8 34. Kd2 Kd6 35. Rf5 Kc5 36. Kd3 a5 37. c4 a4 38. Kc3 Re8 39. d6+ Kc6 40.
Rxf6 Re3+ 41. Kb4 Rh3 42. Kxa4 Rxh2 43. Kb3 h5 44. Rh6 Rd2 45. d7+ Kxd7 46. a4
Rh2 47. Kb4 h4 48. Kb5 Kc7 49. Rh7+ Kb8 50. c5 h3 51. Kc6 Rh1 52. Rh8+ Ka7 53.
Kc7 Rh2 54. Rh7 Rh1 55. Kc8+ Ka8 56. c6 h2 57. c7 Ka7 58. a5 Rg1 59. Rxh2 Rg8+
60. Kd7 Rg7+ 1/2-1/2

[Event "5MCR_4D_1L_3S"]
[Site "?"]
[Date "2002.??.??"]
[Round "?"]
[White "Zidu, Jan"]
[Black "Krouzel, Jaroslav"]
[Result "1/2-1/2"]
[WhiteElo "2310"]
[BlackElo "2360"]
[PlyCount "64"]
[EventDate "2002.??.??"]
[EventType "corr"]
[SourceDate "2004.??.??"]

1. e4 e6 2. d4 d5 3. Nc3 Bb4 4. e5 c5 5. a3 Bxc3+ 6. bxc3 Ne7 7. Qg4 O-O 8. Bd3
f5 9. exf6 Rxf6 10. Bg5 Rf7 11. Qh5 g6 12. Qd1 Nbc6 13. Nf3 Qf8 14. O-O c4 15.
Be2 h6 16. Bd2 Bd7 17. Qc1 Kh7 18. Qb2 b6 19. Rae1 Qg7 20. Bd1 g5 21. Ne5 Nxe5
22. Rxe5 Qg6 23. h3 Raf8 24. Qc1 Rf5 25. f4 Rxe5 26. fxe5 Rxf1+ 27. Kxf1 Ba4
28. Qb1 Nc6 29. Kg1 b5 30. Qc1 Ne7 31. Be1 Qe4 32. Qd2 Nf5 1/2-1/2

[Event "5MCR_4D_1L_3S"]
[Site "?"]
[Date "2002.??.??"]
[Round "?"]
[White "Zidu, Jan"]
[Black "Leiner, Raimund"]
[Result "1/2-1/2"]
[WhiteElo "2310"]
[BlackElo "2290"]
[PlyCount "107"]
[EventDate "2002.??.??"]
[EventType "corr"]
[SourceDate "2004.??.??"]

1. e4 c5 2. Nf3 Nc6 3. d4 cxd4 4. Nxd4 Nf6 5. Nc3 e5 6. Ndb5 d6 7. Bg5 a6 8.
Na3 b5 9. Bxf6 gxf6 10. Nd5 Bg7 11. Bd3 Ne7 12. Nxe7 Qxe7 13. c3 f5 14. O-O O-O
15. Nc2 Bb7 16. exf5 d5 17. a3 Rfd8 18. Qh5 e4 19. Be2 Rd6 20. Rad1 Rh6 21. Qg4
Kh8 22. Qf4 Rh4 23. Qe3 Be5 24. g3 Rg8 25. Kh1 Rh3 26. Rg1 Qf6 27. Nb4 Rd8 28.
Qa7 Rd7 29. Nxd5 Qxf5 30. Rg2 Bxd5 31. Qc5 Kg7 32. Rxd5 Rxd5 33. Qxd5 Rh6 34.
f4 exf3 35. Qxf3 Qb1+ 36. Qf1 Qxf1+ 37. Bxf1 Rd6 38. Re2 f6 39. Kg2 Rd1 40. Rc2
Rd6 41. Kf3 f5 42. c4 Rd1 43. cxb5 Rxf1+ 44. Kg2 Rd1 45. bxa6 Kf6 46. Rc6+ Ke7
47. b3 Rd2+ 48. Kf1 f4 49. gxf4 Bxf4 50. Rc4 Bxh2 51. Re4+ Kf7 52. Rh4 Be5 53.
Rxh7+ Ke6 54. Rb7 1/2-1/2

[Event "5MCR_4D_1L_3S"]
[Site "?"]
[Date "2002.??.??"]
[Round "?"]
[White "Zidu, Jan"]
[Black "Polak, Petr"]
[Result "1-0"]
[WhiteElo "2310"]
[BlackElo "2050"]
[PlyCount "109"]
[EventDate "2002.??.??"]
[EventType "corr"]
[SourceDate "2004.??.??"]

1. e4 c5 2. Nf3 d6 3. d4 cxd4 4. Nxd4 Nf6 5. Nc3 a6 6. Bg5 e6 7. f4 Be7 8. Qf3
Qc7 9. O-O-O Nbd7 10. Bd3 h6 11. Qh3 Nb6 12. f5 e5 13. Nde2 Bd7 14. Kb1 Bc6 15.
Be3 d5 16. Bxb6 Qxb6 17. exd5 Ba3 18. b3 Bxd5 19. Nxd5 Nxd5 20. Be4 Nf6 21. Nc3
O-O 22. Nd5 Nxd5 23. Bxd5 Qf6 24. Qc3 Be7 25. Rhe1 Qxf5 26. Rxe5 Qf6 27. Bxb7
Rad8 28. Bd5 Rc8 29. Qd4 Bc5 30. Qe4 g6 31. Bc4 Ba3 32. Rf1 Qg7 33. c3 Rxc4 34.
bxc4 Bd6 35. Rd5 Qxc3 36. Rf3 Rb8+ 37. Rb5 Rxb5+ 38. cxb5 Qc7 39. bxa6 Qb6+ 40.
Kc1 Qc5+ 41. Kd1 Bf8 42. Qd3 Bg7 43. g3 Qg1+ 44. Rf1 Qb6 45. Qc4 Bf6 46. Ke2
Kg7 47. Kf3 Qd8 48. Kg2 Qa8+ 49. Rf3 g5 50. g4 Qa7 51. Qc6 Be5 52. Qb7 Qxb7 53.
axb7 Bb8 54. Rc3 h5 55. Rc8 1-0

[Event "5MCR_4D_1L_3S"]
[Site "?"]
[Date "2002.??.??"]
[Round "?"]
[White "Zidu, Jan"]
[Black "Travnik, Petr"]
[Result "1/2-1/2"]
[WhiteElo "2310"]
[BlackElo "2305"]
[PlyCount "71"]
[EventDate "2002.??.??"]
[EventType "corr"]
[SourceDate "2004.??.??"]

1. e4 c5 2. Nf3 d6 3. d4 cxd4 4. Nxd4 Nf6 5. Nc3 a6 6. Be3 e6 7. f3 b5 8. g4
Nfd7 9. Qd2 Nb6 10. O-O-O N8d7 11. Bg5 Qc7 12. a3 b4 13. axb4 Bb7 14. Kb1 Ne5
15. Bd3 Rc8 16. Rhe1 h6 17. Bh4 g5 18. Bg3 Nbc4 19. Bxc4 Nxc4 20. Qd3 Bg7 21.
Na4 O-O 22. Nc5 Ne5 23. Bxe5 Bxe5 24. Nxb7 Qxb7 25. c3 Rb8 26. Nb3 Qd7 27. Qxa6
Ra8 28. Qd3 Qa4 29. Na5 Rfc8 30. Qc2 Qb5 31. Rd3 Ra7 32. Rh1 Rca8 33. Rhd1 Bf4
34. b3 Ra6 35. h3 Be5 36. Qb2 1/2-1/2

[Event "5MCR_4D_1L_3S"]
[Site "?"]
[Date "2002.??.??"]
[Round "?"]
[White "Zidu, Jan"]
[Black "Zacek, Jiri"]
[Result "1-0"]
[WhiteElo "2310"]
[BlackElo "2280"]
[PlyCount "67"]
[EventDate "2002.??.??"]
[EventType "corr"]
[SourceDate "2004.??.??"]

1. e4 d5 2. exd5 Qxd5 3. Nc3 Qa5 4. d4 Nf6 5. Nf3 Bf5 6. Bd2 c6 7. Bc4 e6 8.
Nd5 Qd8 9. Nxf6+ Qxf6 10. Qe2 Bg4 11. d5 Bxf3 12. gxf3 Qxb2 13. O-O cxd5 14.
Bxd5 Nc6 15. Rab1 Qxc2 16. Be4 Nd4 17. Qe3 Qc4 18. Kg2 Rd8 19. Rfc1 Qa4 20.
Rxb7 Bd6 21. Bd3 O-O 22. Rc4 Qa6 23. Qe4 f5 24. Rxd4 fxe4 25. Bxa6 exf3+ 26.
Kh3 Bc5 27. Rxd8 Rxd8 28. Bc3 Bxf2 29. Rxg7+ Kf8 30. Rxh7 Bd4 31. Rc7 Bb6 32.
Rc8 Rxc8 33. Bxc8 Kf7 34. Be5 1-0

[Event "5MCR_4D_1L_4S"]
[Site "?"]
[Date "2002.??.??"]
[Round "?"]
[White "Cakl, Zdenek"]
[Black "Flek, Vladislav"]
[Result "1-0"]
[WhiteElo "2155"]
[BlackElo "2000"]
[PlyCount "80"]
[EventDate "2002.??.??"]
[EventType "corr"]
[SourceDate "2004.??.??"]

1. e4 c5 2. Nf3 d6 3. d4 cxd4 4. Nxd4 Nf6 5. Nc3 a6 6. Be2 e5 7. Nf3 Be7 8. Bg5
Be6 9. O-O Nbd7 10. Be3 h6 11. h3 O-O 12. a4 Qc7 13. a5 Rac8 14. Re1 Qc6 15.
Bd3 d5 16. exd5 Nxd5 17. Bd2 Bd6 18. Be4 N7f6 19. Bxd5 Bxd5 20. Nxd5 Qxd5 21.
Bc3 Qc6 22. Nxe5 Bxe5 23. Rxe5 Rfd8 24. Qe1 Ne4 25. Ra3 Qg6 26. Qe2 Nxc3 27.
Rxc3 Rxc3 28. bxc3 Qc6 29. c4 Rc8 30. Qd3 Qc7 31. Rd5 Re8 32. g3 Re1+ 33. Kh2
Re8 34. c3 Rc8 35. Rd7 Qc6 36. Qd5 Qxd5 37. cxd5 Rxc3 38. Rxb7 Rd3 39. Rb6 Rxd5
40. Rxa6 Rd2 1-0

[Event "5MCR_4D_1L_4S"]
[Site "?"]
[Date "2002.??.??"]
[Round "?"]
[White "Cakl, Zdenek"]
[Black "Hladik, Josef"]
[Result "1/2-1/2"]
[WhiteElo "2155"]
[BlackElo "2205"]
[PlyCount "34"]
[EventDate "2002.??.??"]
[EventType "corr"]
[SourceDate "2004.??.??"]

1. e4 e5 2. Nf3 Nc6 3. d4 exd4 4. Nxd4 Nf6 5. Nxc6 bxc6 6. e5 Qe7 7. Qe2 Nd5 8.
c4 Nb6 9. Nc3 a5 10. Qe4 g6 11. Be3 Bg7 12. f4 O-O 13. Rd1 Rb8 14. Be2 d6 15.
O-O dxe5 16. Qxc6 Bb7 17. Qc5 Qxc5 1/2-1/2

[Event "5MCR_4D_1L_4S"]
[Site "?"]
[Date "2002.??.??"]
[Round "?"]
[White "Cakl, Zdenek"]
[Black "Jordanek, Jiri"]
[Result "1/2-1/2"]
[WhiteElo "2155"]
[BlackElo "2000"]
[PlyCount "59"]
[EventDate "2002.??.??"]
[EventType "corr"]
[SourceDate "2004.??.??"]

1. Nf3 Nf6 2. b3 g6 3. Bb2 Bg7 4. e3 O-O 5. Be2 c5 6. c4 Nc6 7. O-O d5 8. d4
Ne4 9. Nc3 Nxc3 10. Bxc3 dxc4 11. bxc4 Bg4 12. Rc1 cxd4 13. exd4 Bxf3 14. Bxf3
Nxd4 15. Bxb7 Rb8 16. Bd5 Qb6 17. Re1 e6 18. Re4 Nf5 19. Bxg7 exd5 20. Bd4 Qc6
21. Rf4 Rfc8 22. Ba1 Qd6 23. g3 dxc4 24. Qe1 c3 25. Bxc3 Rc5 26. Rd1 Qc6 27.
Ba1 Rc8 28. Re4 h6 29. Re5 Rc2 30. Rxf5 1/2-1/2

[Event "5MCR_4D_1L_4S"]
[Site "?"]
[Date "2002.??.??"]
[Round "?"]
[White "Cakl, Zdenek"]
[Black "Kosek, Lubomir"]
[Result "1/2-1/2"]
[WhiteElo "2155"]
[BlackElo "2110"]
[PlyCount "58"]
[EventDate "2002.??.??"]
[EventType "corr"]
[SourceDate "2004.??.??"]

1. e4 e5 2. Nf3 Nc6 3. d4 exd4 4. Nxd4 Qf6 5. Be3 Bc5 6. c3 Nge7 7. Be2 d5 8.
Bf3 dxe4 9. Bxe4 Nxd4 10. cxd4 Bd6 11. Nc3 O-O 12. O-O c6 13. Re1 Bf5 14. Qd2
Rfe8 15. Rad1 Qg6 16. Bf4 Rad8 17. h3 h6 18. Bxd6 Rxd6 19. Bxf5 Qxf5 20. Re3
Qd7 21. Ne4 Rg6 22. Rde1 Rd8 23. Ng3 Nf5 24. Nxf5 Qxf5 25. Qb4 Qd5 26. g3 b6
27. Qe7 Kh7 28. Qxa7 Qxd4 29. Qxf7 Qxb2 1/2-1/2

[Event "5MCR_4D_1L_4S"]
[Site "?"]
[Date "2002.??.??"]
[Round "?"]
[White "Cakl, Zdenek"]
[Black "Kuta, Miroslav"]
[Result "0-1"]
[WhiteElo "2155"]
[BlackElo "2180"]
[PlyCount "120"]
[EventDate "2002.??.??"]
[EventType "corr"]
[SourceDate "2004.??.??"]

1. e4 c6 2. d4 d5 3. Nd2 dxe4 4. Nxe4 Nd7 5. Nf3 Ngf6 6. Ng3 e6 7. Bd3 c5 8.
O-O cxd4 9. Nxd4 Bc5 10. Nb3 Be7 11. Re1 O-O 12. Qf3 a5 13. Bf4 a4 14. Nd2 Nc5
15. Bc4 Bd7 16. Qe2 Re8 17. a3 Qb6 18. b4 axb3 19. cxb3 Bc6 20. Be3 Qc7 21.
Rec1 Ncd7 22. b4 Qb8 23. Bd4 Bd6 24. Bb2 Be5 25. Bxe5 Qxe5 26. Bd3 Qxe2 27.
Bxe2 Ne5 28. Ndf1 Red8 29. b5 Bd5 30. a4 b6 31. Ne3 Ra7 32. Rd1 Kf8 33. Rd4 g6
34. Bd1 Rc8 35. Nxd5 Nxd5 36. Bb3 Nf6 37. Ne2 Ned7 38. h3 Nc5 39. Rc4 Raa8 40.
Rac1 Nfe4 41. Bc2 Nd6 42. Rb4 Ncb7 43. Rd4 Ke7 44. Rdd1 Na5 45. Kf1 Rc4 46. Rd4
Rac8 47. Rxc4 Rxc4 48. Bd1 Ne4 49. Ke1 Kd6 50. Ra1 Nc5 51. Ra3 e5 52. g4 f6 53.
Rf3 Ke6 54. Ra3 Rb4 55. Bc2 Rb2 56. Rc3 Ra2 57. f4 e4 58. h4 Kd5 59. h5 gxh5
60. gxh5 Nc4 0-1